Crítica de la razón pura

Sparad:
Bibliografiska uppgifter
Huvudupphovsman: Kant, Immanuel (autor)
Materialtyp: Bok
Språk:spanska
Publicerad: Cuernavaca Porrúa 2015
Upplaga:16a. ed
Serie:Sepan Cuantos, 203
Ämnen:
Taggar: Lägg till en tagg
Inga taggar, Lägg till första taggen!

MARC

LEADER 00000cam a2200000 a 4500
001 UCD2984
003 CL-VaPUC
005 20220421114851.0
008 160520e20150000mx |||||||||||||||||spa|d
999 |c 364093  |d 364091 
020 |a 9789700756130 
040 |c Pontificia Universidad Católica de Valparaíso 
082 0 4 |a 142.3  |b KAN  |2 21 
100 |a Kant, Immanuel  |e autor  |9 868690 
245 1 0 |a Crítica de la razón pura 
250 |a 16a. ed 
260 |a Cuernavaca  |b Porrúa  |c 2015 
300 |a 479 p 
490 0 |a Sepan Cuantos, 203 
583 |a last modification  |c 20160520 11:34:00  |k Rodrigo Vera 
650 0 |a Teoría del conocimiento   |9 255038 
650 0 |a Filosofía alemana   |9 265002 
650 0 |a Escuelas filosóficas   |9 266232 
852 |a BIBCUR 
942 |c BK  |2 ddc 
945 |d 20160520 11:34:00  |a dcastane 
952 |0 0  |1 0  |3 erb  |4 0  |6 142_300000000000000_KAN_2015  |7 0  |8 R  |9 477007  |a BIBGIM  |b BIBGIM  |i 5287847  |o 142.3 KAN 2015  |p 5287847  |r 2025-01-15  |w 2019-11-24  |y BK_R  |z Catalogado en:20160520  |k SSL 
952 |0 0  |1 0  |3 erb  |4 0  |6 142_300000000000000_KAN_2015  |7 0  |8 R  |9 477008  |a BIBGIM  |b BIBGIM  |i 5287839  |l 2  |o 142.3 KAN 2015  |p 5287839  |r 2025-01-15  |s 2022-09-02  |w 2019-11-24  |y BK_R  |z Catalogado en:20160520  |k SSL 
952 |0 0  |1 0  |3 erb  |4 0  |6 142_300000000000000_KAN_2015  |7 0  |8 R  |9 477009  |a BIBGIM  |b BIBGIM  |i 5287820  |o 142.3 KAN 2015  |p 5287820  |r 2025-01-15  |w 2019-11-24  |y BK_R  |z Catalogado en:20160520  |k SSL 
952 |0 0  |1 0  |3 erb  |4 0  |6 142_300000000000000_KAN_2015  |7 0  |8 R  |9 477010  |a BIBGIM  |b BIBGIM  |i 5287812  |l 1  |o 142.3 KAN 2015  |p 5287812  |r 2025-01-15  |s 2023-04-03  |w 2019-11-24  |y BK_R  |z Catalogado en:20160520  |k SSL 
952 |0 0  |1 0  |3 erb  |4 0  |6 142_300000000000000_KAN_2015  |7 0  |8 R  |9 477011  |a BIBGIM  |b BIBGIM  |i 5287804  |l 1  |o 142.3 KAN 2015  |p 5287804  |r 2025-01-15  |s 2023-04-05  |w 2019-11-24  |y BK_R  |z Catalogado en:20160520  |k SSL 
952 |0 0  |1 0  |3 erb  |4 0  |6 142_300000000000000_KAN_2015  |7 0  |8 R  |9 477012  |a BIBGIM  |b BIBGIM  |i 5338611  |o 142.3 KAN 2015  |p 5338611  |r 2025-01-15  |w 2019-11-24  |y BK_R  |z Catalogado en:20160819  |k SSL